South Eastern Kenya University

Library Online Public Access Catalogue


Winslow Homer watercolors / (Record no. 10722)

MARC details
000 -LEADER
fixed length control field 01262nam a2200337 a 4500
003 - CONTROL NUMBER IDENTIFIER
control field OSt
005 - DATE AND TIME OF LATEST TRANSACTION
control field 20160210155815.0
008 - FIXED-LENGTH DATA ELEMENTS--GENERAL INFORMATION
fixed length control field 851120s1986 dcua bc 001 0 eng 0
010 ## - LIBRARY OF CONGRESS CONTROL NUMBER
LC control number 85029696
020 ## - INTERNATIONAL STANDARD BOOK NUMBER
International Standard Book Number 0894680870 (pbk.)
035 ## - SYSTEM CONTROL NUMBER
System control number ABF1663LB
035 ## - SYSTEM CONTROL NUMBER
System control number (OCoLC)ocm12949912
039 0# - LEVEL OF BIBLIOGRAPHIC CONTROL AND CODING DETAIL [OBSOLETE]
Level of rules in bibliographic description 2
Level of effort used to assign nonsubject heading access points 3
Level of effort used to assign subject headings 3
Level of effort used to assign classification 3
Number of fixed field character positions coded 3
040 ## - CATALOGING SOURCE
Original cataloging agency DLC
Transcribing agency DLC
Modifying agency SMI
-- WaOLN
049 ## - LOCAL HOLDINGS (OCLC)
Local processing data 39088000544429
050 00 - LIBRARY OF CONGRESS CALL NUMBER
Classification number ND1839.H6
Item number A4 1986X
099 ## - LOCAL FREE-TEXT CALL NUMBER (OCLC)
Classification number ND1839.H6A4 1986X
100 1# - MAIN ENTRY--PERSONAL NAME
Personal name Cooper, Helen A.
245 10 - TITLE STATEMENT
Title Winslow Homer watercolors /
Statement of responsibility, etc. Helen A. Cooper.
260 ## - PUBLICATION, DISTRIBUTION, ETC. (IMPRINT)
Place of publication, distribution, etc. Washington :
Name of publisher, distributor, etc. National Gallery of Art ;
Place of publication, distribution, etc. New Haven :
Name of publisher, distributor, etc. Yale University Press,
Date of publication, distribution, etc. c1986.
300 ## - PHYSICAL DESCRIPTION
Extent 259 p. :
Other physical details ill. (some col.) ;
Dimensions 29 cm.
500 ## - GENERAL NOTE
General note "Exhibition dates: National Gallery of Art, Washington, March 2- May 11, 1986; Amon Carter Museum, Fort Worth, June 6-July 27, 1986; Yale University Art Gallery, New Haven, September 11-November 2, 1986"--T.p. verso.
504 ## - BIBLIOGRAPHY, ETC. NOTE
Bibliography, etc Includes bibliographies and index.
600 10 - SUBJECT ADDED ENTRY--PERSONAL NAME
Personal name Homer, Winslow,
Dates associated with a name 1836-1910
Form subdivision Exhibitions.
710 2# - ADDED ENTRY--CORPORATE NAME
Corporate name or jurisdiction name as entry element National Gallery of Art (U.S.)
710 2# - ADDED ENTRY--CORPORATE NAME
Corporate name or jurisdiction name as entry element Amon Carter Museum of Western Art
710 2# - ADDED ENTRY--CORPORATE NAME
Corporate name or jurisdiction name as entry element Yale University.
Subordinate unit Art Gallery
942 ## - ADDED ENTRY ELEMENTS (KOHA)
Source of classification or shelving scheme Library of Congress Classification
Koha item type General circulation
945 ## - LOCAL PROCESSING INFORMATION (OCLC)
a cm
945 ## - LOCAL PROCESSING INFORMATION (OCLC)
a nok 10/2/86 added nmaa
Holdings
Withdrawn status Lost status Source of classification or shelving scheme Damaged status Not for loan Home library Current library Shelving location Date acquired Source of acquisition Total Checkouts Full call number Barcode Date last seen Price effective from Koha item type Public note
    Library of Congress Classification     Wote Campus Library Wote Campus Library General Stacks 10/02/2016 donation- books for Africa   ND1839.H6 A4 1986X 2016/011214 10/02/2016 10/02/2016 General circulation GM
Kitui, Kenya.
+254736116989
library@seku.ac.ke